Random- Given US State Capital - Guess the State - Statistics

General Stats
  • This quiz has been taken 82 times
  • The average score is 18 of 20
Answer Stats
State Capital US State % Correct
Juneau Alaska
100%
Phoenix Arizona
100%
Hartford Connecticut
100%
Dover Delaware
100%
Tallahassee Florida
100%
Atlanta Georgia
100%
Honolulu Hawaii
100%
Boise Idaho
100%
Springfield Illinois
100%
Indianapolis Indiana
100%
Des Moines Iowa
100%
Topeka Kansas
100%
Baton Rouge Louisiana
100%
Trenton New Jersey
100%
Santa Fe New Mexico
100%
Albany New York
100%
Raleigh North Carolina
100%
Oklahoma City Oklahoma
100%
Harrisburg Pennsylvania
100%
Providence Rhode Island
100%
Pierre South Dakota
100%
Nashville Tennessee
100%
Austin Texas
100%
Salt Lake City Utah
100%
Montpelier Vermont
100%
Richmond Virginia
100%
Charleston West Virginia
100%
Madison Wisconsin
91%
Little Rock Arkansas
89%
Concord New Hampshire
89%
Columbus Ohio
89%
Denver Colorado
88%
Augusta Maine
88%
Annapolis Maryland
86%
Cheyenne Wyoming
86%
Sacramento California
83%
Helena Montana
83%
Salem Oregon
83%
Frankfort Kentucky
82%
Montgomery Alabama
75%
Jefferson City Missouri
75%
Lincoln Nebraska
75%
Carson City Nevada
75%
Bismarck North Dakota
75%
Columbia South Carolina
73%
Lansing Michigan
71%
Jackson Mississippi
71%
Boston Massachusetts
67%
Saint Paul Minnesota
67%
Olympia Washington
67%
No matching quizzes found
Score Distribution
Percent of People with Each Score
Percentile by Number Answered
Your Score History
You have not taken this quiz